Statistieken voor Landen van Europa in 1450 met kaart

Klik hier om de quiz te nemen!

Algemene statistieken

  • Deze quiz is 848 keer genomen
  • De gemiddelde score is 9 van 78

Antwoorden op de kaart

Antwoorden kleurgecodeerd door een groen-rode schaal op de quizkaart volgens % correct hieronder.
 

Antwoordstatistieken

Land% Correct
Noorwegen
80%
Zweden
79%
Portugal
68%
Frankrijk
65%
Denemarken
52%
Engeland
50%
Schotland
43%
Andorra
41%
Polen
39%
San Marino
35%
Hongarije
26%
Bosnie
25%
Cyprus
24%
Albanie
23%
Litouwen
23%
Servie
22%
Moldavie
15%
Ottomaanse Rijk
15%
Vlaanderen
14%
Moskou
11%
Venetie
11%
Aragon
10%
Napels
10%
Bretagne
9%
Athene
8%
Heilig Roomse Rijk
8%
Castilie
7%
Granada
6%
Byzantium
5%
Genua
5%
Novgorod
5%
Oost-Friesland
5%
Riga
5%
Holstein
4%
Pauselijke Staten
4%
Provence
4%
Ulster
4%
Wallachije
4%
Boergondie
3%
Duitse Orde
3%
Kazan
3%
Krimea
3%
Munster
3%
Circassie
2%
Desmond
2%
Leinster
2%
Navarre
2%
Nevers
2%
Perm
2%
Pskov
2%
Rostov
2%
Theodoro
2%
Urbino
2%
Clanricarde
1%
Gazikumukh
1%
Grote Horde
1%
Kildare
1%
Knights
1%
Korfoe
1%
Livonische Orde
1%
Mazovie
1%
Naxos
1%
Nogai
1%
Odoyev
1%
Offaly
1%
Ormond
1%
Ragusa
1%
Ryazan
1%
Schotse Eilanden
1%
Shirvan
1%
Sligo
1%
Thomond
1%
Tver
1%
Tyrconnell
1%
Tyrone
1%
Yaroslavl
1%
Avarie
0%
Belozersk
0%

Scoreverdeling

Percentiel versus Aantal Correcte Antwoorden

Procent van Mensen met Elke Score

Uw Scoregeschiedenis

U heeft deze quiz nog niet genomen